000 00698nam a2200241Ia 4500
003 OSt
005 20220930065121.0
006 a|||||r|||| 00| 0
007 ta
008 220926b |||||||| |||| 00| 0 pan d
024 _a5156
037 _cTheses
040 _aCRL
_cCRL
_bpan
041 _2pan
_apan
100 _aKulwant Kaur
110 _aUniversity of Delhi. Faculty of Arts. Department of Punjabi
_9519628
245 0 _aMadh Kaleen panjabi britanak sahit dian kathanak roohrian
260 _c1990
650 _aPUNJABI LITERATURE
700 _aUniversity of Delhi. Faculty of Arts. Department of Punjabi
_9519631
942 _cDIS
_2CC
999 _c859116
_d859116